Противоотрова (Запис номер 168241)
[ съкратено ]
| 000 -Лидер | |
|---|---|
| Контролно поле с фиксирана дължина | 01964nam a2200409 a 4500 |
| 003 - Код на организацията, давaща контролен номер | |
| Контролно поле | BLK |
| 005 - Дата и час на последна редакция | |
| Контролно поле | 20241122151854.0 |
| 008 - Елементи от данни с фиксирана дължина | |
| fixed length control field | 180411b bul|||||r ||||||| ||bul|| |
| 010 ## - Наследен системен номер | |
| LC control number | KNG00176122000 |
| 020 ## - Международен стандартен номер на книга ISBN | |
| Международен стандартен номер на книга ISBN | 978-954-365-160-3 |
| 040 ## - Източник на каталожния запис | |
| Идентификатор на билиотеката - собственик на записа | BLK |
| 041 ## - Код за език | |
| Код за езика на текст/звукозапис или на отделно заглавие | Български |
| Код за езика КДБФ | Български |
| 072 #7 - Код за тематичната категория | |
| Код организация | bullib |
| Код за тематична категория | Н15 |
| Текст | Психология Н |
| 080 ## - УДК | |
| Текстов определител УДК | Индивидуална психология. Психология на личността. Индивидуалност. Психология на характера. Характерология. Психологическа типология |
| УДК код - определител по УДК | 159.923 |
| УДК - код + определител | 159.923 |
| 080 ## - УДК | |
| Текстов определител УДК | Индивидуална етика. Морално съзнание. Задължения на човека към самия себе си. Поведение на отделен човек |
| УДК код - определител по УДК | 171 |
| УДК определител | .022 |
| УДК - код + определител | 171.022 |
| 100 1# - Редна дума - Автор | |
| Автор | Бъркман, Оливър |
| Авторска отговорност | първи автор |
| R(LIN) | 44495 |
| 139 ## - Редно поле | |
| Редна дума | Бъркман, Оливър |
| Авторски знак | Бър - Б 93 |
| 245 10 - Сведения за заглавието | |
| Заглавие | Противоотрова |
| Подзаглавни данни | Щастие за хора, които не понасят позитивно мислене |
| Редно поле (дума) | Оливър Бъркман; Боряна Ангелова Джанабетска. |
| 257 ## - Страна на издаване | |
| Страна на създаване/издаване | Великобритания |
| 260 ## - Област на издателските данни | |
| Име на издателя, разпространителя и проч. | Еднорог |
| Година на издаване | 2015 |
| Печатница | София : Инвестпрес |
| 300 ## - Физическа характеристика | |
| Страници | 272 с. |
| Размери/Мащаб | 20 см |
| 380 ## - Жанр | |
| Жанр | Философия |
| 500 ## - Общи забележки | |
| Забележка | Ориг. загл. The Antidote / Oliver Burkeman. |
| 650 #4 - Допълнително описание по предмет – тема | |
| Основно описание – тема или топоним | Личност - психология |
| 9 (RLIN) | 243160 |
| 650 #4 - Допълнително описание по предмет – тема | |
| Основно описание – тема или топоним | Щастие |
| 9 (RLIN) | 177943 |
| 653 ## - Ключова дума – ненормативна | |
| Ключова дума | негативизъм |
| 653 ## - Ключова дума – ненормативна | |
| Ключова дума | психология на личността |
| 659 ## - Тематичен бюлетин | |
| Тематичен бюлетин | Н |
| 700 ## - Други автори (авторска отговорност) | |
| Лично име | Джанабетска, Боряна Ангелова, 1957- |
| 9 (RLIN) | 364686 |
| 852 ## - Местоположение | |
| Форматна сигнатура | Цб 291035 |
| Фондова буква | Хранилище |
| 856 4# - Електронен адрес и достъп | |
| Електронен формат | pdf - файл |
| 856 4# - Електронен адрес и достъп | |
| Електронен формат | pdf - файл |
| 999 ## - СИСТЕМНИ КОНТРОЛНИ НОМЕРА | |
| Koha biblionumber | 168241 |
| Koha biblioitemnumber | 168241 |
| 942 ## - АРТИКУЛИ | |
| Вид на библиотечния материал | Книги |
| Скрит в OPAC | Не |
| Koha issues (borrowed), all copies | 7 |
| 944 ## - СЪЗДАВАНЕ И РЕДАКЦИЯ на ЗАПИСА | |
| Създаване/Редакция | Създаване |
| Дата на регистрацията/редакция | 01.06.2015 |
| Статус, дата на статуса | Цветелина Шанова |
| Служител, извършил регистрацията/редакцията | 30531 |
| 944 ## - СЪЗДАВАНЕ И РЕДАКЦИЯ на ЗАПИСА | |
| Създаване/Редакция | Редакция |
| Дата на регистрацията/редакция | 29.03.2016 |
| Статус, дата на статуса | ф / |
| Служител, извършил регистрацията/редакцията | Людмила_Стоянова |
| 999 ## - СИСТЕМНИ КОНТРОЛНИ НОМЕРА | |
| Koha biblioitemnumber | 168241 |
| Код за отписване | Код за изгубен артикул | Източник на класификационната схема | Код за повреда | Коз за рестрикции | Код за отдаване | Артикулен № | Име на библиотеката - собственик | Име на библиотеката, в която се намира в момента | Статус (Текущо местоположение) | Дата на вписване в системата | Местоположение - отдел | Цена в лева | Инвентарен номер | Систематично азбучна сигнатура | Баркод | Номер на екземпляра | Цена в евро | Служебна бележка | Служебен тип на артикула |
|---|---|---|---|---|---|---|---|---|---|---|---|---|---|---|---|---|---|---|---|
| Не е изгубен | Universal Decimal Classification | Не е повреден | без рестрикции | заемане за дома | 283921 | Регионална библиотека "Любен Каравелов" Русе | Регионална библиотека "Любен Каравелов" Русе | Заемна - подръчен фонд | 2015-05-28 | Заемна - подръчен фонд | 13.90 | 120000788399 | 159.923/Б 93-О | 120000788399 | 1 | 7.11 | Дост: Pk Вид: Ф N: 432 Дата: 22.05.2015 Дата инв: 01.02.2018 Бележки инв: П2018 | Книги | |
| Не е изгубен | Universal Decimal Classification | Не е повреден | без рестрикции | ползва се в читалня | 681657 | Регионална библиотека "Любен Каравелов" Русе | Регионална библиотека "Любен Каравелов" Русе | Хранилище | 2018-10-29 | Хранилище | 13.90 | 120000824533 | Цб 291035 | 120000824533 | 7.11 | Книги |